000 00507cam a2200193ua 4500
001 11872
005 20260515114817.0
008 191114n ii |||gr||||Z||||||eng
020 _a8183700209
040 _cMAIN
082 _a910.95416
100 _aSunil Sharma,
_eAuthor.
245 _aHospitality and tourism management stratergies
_cBy Sunil Sharma
250 _a1st ed.
260 _aNew Delhi:
_bAkansha Publishing house,
_c2005.
300 _a279p.
653 _aGeography & travel
942 _cBK
999 _c10651
_d10651